| 000 | 00633nam a2200193 i 4500 | ||
|---|---|---|---|
| 001 | 46893 | ||
| 003 | ES-MaACL | ||
| 005 | 20250122113552.0 | ||
| 007 | t| | ||
| 008 | 030402s1972 sp ||||1| spa d | ||
| 110 | 2 |
_aConsejo Superior de Investigaciones Científicas (España) _93236 |
|
| 245 | 1 | 0 | _aMemoria del año 1970. |
| 260 |
_aMadrid : _b[s.n., _c1972] ( _fGráf. Benzal) |
||
| 300 |
_a271 p., 1 lám. ; _c26 cm. |
||
| 610 | 2 | 4 |
_aConsejo Superior de Investigaciones Científicas (España)- _vMemorias. _9170447 |
| 852 |
_aES-MaACL _jC-48221 _bR.84377 _948644 _zExpurgado: 22-1-2025 |
||
| 942 | _2udc | ||
| 999 |
_c46893 _d46893 |
||